Cultes et rites de passage en Macedoine
Αποθηκεύτηκε σε:
| Κύριος συγγραφέας: | |
|---|---|
| Συγγραφή απο Οργανισμό/Αρχή: | |
| Μορφή: | Βιβλίο |
| Γλώσσα: | French |
| Δημοσίευση: |
Athenes :
Κέντρον Ελληνικής και Ρωμαϊκής Αρχαιότητος του Εθνικού Ιδρύματος Ερευνών,
1994
|
| Σειρά: | Μελετήματα ;
; 19 |
| Θέματα: | |
| Ετικέτες: |
Προσθήκη ετικέτας
Δεν υπάρχουν, Καταχωρήστε ετικέτα πρώτοι!
|
MARC
| LEADER | 00000cam a2200000 i 4500 | ||
|---|---|---|---|
| 001 | 1/26349 | ||
| 008 | 060316s1994 fre d | ||
| 020 | |a 960-7094-86-7 | ||
| 035 | |l 10083137 | ||
| 040 | |a GR-MY-UA |b gre |e aacr | ||
| 041 | 0 | |a fre | |
| 082 | 0 | |a 292.0809381 |2 (22) | |
| 100 | 1 | |a Χατζόπουλος, Μιλτιάδης Β. | |
| 245 | 1 | 0 | |a Cultes et rites de passage en Macedoine / |c M. B. Hatzopoulos |
| 260 | |a Athenes : |b Κέντρον Ελληνικής και Ρωμαϊκής Αρχαιότητος του Εθνικού Ιδρύματος Ερευνών, |c 1994 | ||
| 300 | |a 166 σ.; |b εικ., χάρτ.; |c 25 εκ. | ||
| 490 | 1 | |a Μελετήματα |v ; 19 | |
| 504 | |a Περιέχει βιβλιογραφία και ευρετήριο | ||
| 650 | 0 | 0 | |a Cults |z Greece |z Macedonia. |
| 650 | 0 | 0 | |a Rites and ceremonies |z Macedonia. |
| 651 | 0 | |a Macedonia |x Religion. | |
| 710 | 2 | |a Εθνικό Ίδρυμα Ερευνών. |b Κέντρον Ελληνικής και Ρωμαϊκής Αρχαιότητος. | |
| 830 | 0 | |a Μελετήματα ; |v ; 19 | |
| 852 | |a INST |b LESVOS |e 20060316 |h 292.0809381 ΧΑΤ |p 005100034750 |q 005100034750 |t BK |y 0 | ||
| 901 | |a BIBL1-2006-1 | ||
| 909 | |a Λ |b 126104 | ||
| 970 | |a ΚΑΡΑ |b ΓΙΑΣΕΜΗ |z 2006/03/16 | ||